بند گلی (Record no. 550284)
[ view plain ]
| 000 -LEADER | |
|---|---|
| fixed length control field | 00360nam a2200133 4500 |
| 082 ## - DEWEY DECIMAL CLASSIFICATION NUMBER | |
| Classification number | 891.4393 |
| Author Mark | ASH |
| -- | Nust 1, P-46 |
| 100 ## - MAIN ENTRY--PERSONAL NAME | |
| Personal name | Ashfaq Ahmed |
| 9 (RLIN) | 651 |
| 245 ## - TITLE STATEMENT | |
| Title | بند گلی |
| 260 ## - PUBLICATION, DISTRIBUTION, ETC. | |
| Place of publication, distribution, etc. | Lahore |
| Name of publisher, distributor, etc. | سنگ میل پبلی کیشنز |
| Date of publication, distribution, etc. | 1999 |
| 300 ## - PHYSICAL DESCRIPTION | |
| Extent | 534p.; |
| Dimensions | 25cm. |
| 526 ## - STUDY PROGRAM INFORMATION NOTE | |
| Program name | 0 |
| Interest level | 0 |
| Reading level | 0 |
| Title point value | 891_439300000000000_ASH |
| 650 ## - SUBJECT ADDED ENTRY--TOPICAL TERM | |
| Topical term or geographic name entry element | Nust |
| 9 (RLIN) | 6342 |
| 942 ## - ADDED ENTRY ELEMENTS (KOHA) | |
| Source of classification or shelving scheme | |
| Koha item type | Book |
| Withdrawn status | Lost status | Source of classification or shelving scheme | Damaged status | Not for loan | Permanent Location | Current Location | Date acquired | Total Checkouts | Full call number | Barcode | Date last seen | Date last checked out | Price effective from | Koha item type |
|---|---|---|---|---|---|---|---|---|---|---|---|---|---|---|
| Military College of Engineering (MCE) | Military College of Engineering (MCE) | 10/30/2014 | 2 | 891.4393 ASH | MCE-44568 | 04/11/2018 | 12/05/2017 | 03/14/2021 | Book |
